000 00298nam a2200133Ia 4500
008 190216s9999||||xx |||||||||||||| ||und||
100 _aLoney. Sl
245 0 _aPlane Trigonometry
250 _a34th Ed.
260 _bS. Chand & Co
_c1988
300 _a220p
650 _aMathematics
942 _cBK
999 _c31014
_d31014